Online
Catalog

Actualización ortográfica / (Record no. 25253)

MARC details
000 -CABECERA
campo de control de longitud fija 01256nam a2200217 a 4500
001 - NÚMERO DE CONTROL
campo de control 000025761
003 - IDENTIFICADOR DEL NÚMERO DE CONTROL
campo de control DO-SdBNP
005 - FECHA Y HORA DE LA ÚLTIMA TRANSACCIÓN
campo de control 20240506134159.0
008 - DATOS DE LONGITUD FIJA--INFORMACIÓN GENERAL
campo de control de longitud fija 110222s1981 dr 000 0 spa d
040 ## - FUENTE DE LA CATALOGACIÓN
Centro catalogador/agencia de origen DO-SdBNP
Lengua de catalogación spa
Centro/agencia transcriptor BNPHU
082 ## - NÚMERO DE LA CLASIFICACIÓN DECIMAL DEWEY
Número de clasificación 461.52
Número de documento/Ítem M647a, 1981
100 1# - ENTRADA PRINCIPAL--NOMBRE DE PERSONA
Nombre de persona Miller, Jeannette,
Fechas asociadas al nombre 1944-
9 (RLIN) 83484
245 10 - MENCIÓN DE TÍTULO
Título Actualización ortográfica /
Mención de responsabilidad, etc. Jeannette Miller.
250 ## - MENCIÓN DE EDICIÓN
Mención de edición 2a ed. corr. y aum.
260 ## - PUBLICACIÓN, DISTRIBUCIÓN, ETC.
Lugar de publicación, distribución, etc. Santo Domingo :
Nombre del editor, distribuidor, etc. Amigo del Hogar,
Fecha de publicación, distribución, etc. 1981.
300 ## - DESCRIPCIÓN FÍSICA
Extensión 114 p. ;
Dimensiones 22 cm.
505 2# - NOTA DE CONTENIDO CON FORMATO
Nota de contenido con formato Presentación -- El alfabeto castellano; sus 29 letras, 5 vocalesy 24 consonantes -- Concepto de silaba -- Clasificación de las palabras según el número de sílabas -- El acento: Definición. Acento prosódico y acento ortográfico -- Casos especiales de acentuación -- Letras que se prestan a confución ; sus reglas -- Usos de la H -- Usos de la X -- Usos de la Z -- Las combinaciones nm, nn y mn -- Palabras que se escriben juntas y separadas -- Usos de mayúscula -- Los signos de puntuación -- Sobre la adopción de S en la segunda persona del preterito indefinido de indicativo -- Bibliografía de referencia.
650 #4 - PUNTO DE ACCESO ADICIONAL DE MATERIA--TÉRMINO DE MATERIA
Término de materia o nombre geográfico como elemento de entrada Español
Subdivisión general Ortografía
9 (RLIN) 1453
650 #4 - PUNTO DE ACCESO ADICIONAL DE MATERIA--TÉRMINO DE MATERIA
Término de materia o nombre geográfico como elemento de entrada Español
Subdivisión general Ortografía
-- Enseñanza
9 (RLIN) 1228
942 ## - ELEMENTOS DE PUNTO DE ACCESO ADICIONAL (KOHA)
Fuente del sistema de clasificación o colocación Dewey Decimal Classification
Tipo de ítem Koha Libro
Holdings
Estado de retiro Estado de pérdida No para préstamo Código de colección Localización permanente Ubicación/localización actual Ubicación en estantería Fecha de adquisición Número de inventario Total de préstamos Signatura topográfica completa Código de barras Fecha visto por última vez Precio válido a partir de Tipo de ítem Koha
    Excluido de préstamo Patrimonio Dominicano Patrimonio Dominicano Patrimonio Dominicano En catalogación 22.02.2011 LF1   461.52 M647a, 1981 25761-10 25.06.2020 25.06.2020 Libro y Folleto Colección Patrimonio Dominicano

Powered by Koha